Whe Kids Can't Read:What Teachers Can Do (Record no. 23675)

MARC details
000 -LEADER
fixed length control field 00626nam a22002057a 4500
003 - CONTROL NUMBER IDENTIFIER
control field OSt
005 - DATE AND TIME OF LATEST TRANSACTION
control field 20260609144422.0
008 - FIXED-LENGTH DATA ELEMENTS--GENERAL INFORMATION
fixed length control field 260609b |||||||| |||| 00| 0 eng d
020 ## - INTERNATIONAL STANDARD BOOK NUMBER
International Standard Book Number 0867095199
040 ## - CATALOGING SOURCE
Transcribing agency Chuka University Library
050 ## - LIBRARY OF CONGRESS CALL NUMBER
Classification number LB 1050.5 .B4 2003
100 ## - MAIN ENTRY--PERSONAL NAME
Personal name Beers Kylene
9 (RLIN) 27983
245 ## - TITLE STATEMENT
Title Whe Kids Can't Read:What Teachers Can Do
260 ## - PUBLICATION, DISTRIBUTION, ETC.
Place of publication, distribution, etc. Portsmouth NH
Name of publisher, distributor, etc. Heinemann
Date of publication, distribution, etc. 2003
300 ## - PHYSICAL DESCRIPTION
Extent viii, 392 pp
Other physical details illustrations. preface and index
650 ## - SUBJECT ADDED ENTRY--TOPICAL TERM
Topical term or geographic name entry element Reading-Remedials teaching
9 (RLIN) 27984
650 ## - SUBJECT ADDED ENTRY--TOPICAL TERM
Topical term or geographic name entry element Reading (middle school)
9 (RLIN) 27863
650 ## - SUBJECT ADDED ENTRY--TOPICAL TERM
Topical term or geographic name entry element Reading (secondary)
9 (RLIN) 27985
942 ## - ADDED ENTRY ELEMENTS (KOHA)
Source of classification or shelving scheme Library of Congress Classification
Koha item type Long Loan Books
Suppress in OPAC No
Holdings
Withdrawn status Lost status Source of classification or shelving scheme Damaged status Not for loan Collection Home library Current library Shelving location Date acquired Source of acquisition Cost, normal purchase price Total Checkouts Full call number Barcode Date last seen Copy number Price effective from Koha item type Coded location qualifier
    Library of Congress Classification     General Collection Books Main Campus Library Main Campus Library General Stacks 09/06/2026 Donation from books for Africa 2012.95   LB 1050.5 .B4 2003 33590/2026 09/06/2026 C.2 09/06/2026 Long Loan Books  
    Library of Congress Classification     General Collection Books Main Campus Library Main Campus Library General Stacks 09/06/2026 Donation from books for Africa     LB 1050.5 .B4 2003 33589/2026 09/06/2026 C.1 09/06/2026 Long Loan Books 2012.95

Powered by Koha